| 000 | 00685nam a2200241 i 4500 | ||
|---|---|---|---|
| 999 |
_c2510 _d2510 |
||
| 001 | 15817 | ||
| 003 | BD-DhUAP | ||
| 005 | 20210130101106.0 | ||
| 008 | 200225s2013 ctuab b 001 0 eng | ||
| 020 | _a0500281912 | ||
| 040 |
_aBD-DhUAP _bEng _cBD-DhUAP _dBD-DhUAP |
||
| 082 | 0 | 0 |
_a709.22 SMI _223 |
| 100 | _aSmith, Edward Lucie. | ||
| 245 |
_aLives of the great modern artists / _cEdward Lucie-Smith. |
||
| 250 | _aRev. ed. | ||
| 260 |
_aLondon : _bThames & Hudson, _cc2009. |
||
| 300 |
_a368 pages : _billustrations ; _c28 cm |
||
| 504 | _aIncludes bibliographical references and index. | ||
| 650 | _aArtists | ||
| 650 | _aArt, Modern. | ||
| 942 |
_2ddc _cBK |
||